000 00794pam a2200217 4500
001 5631
003 Uk
005 20181127175921.0
008 080630r20082005ii b 001 0 eng d
020 _a0195695291 (pbk.) :
_c10.99
100 1 _aKing, Bruce,
_d1933-
245 1 0 _aThree Indian poets :
_bEzekiel, Moraes, and Ramanujan /
_cby Bruce King.
250 _a2nd ed.
260 _aDelhi ;
_aOxford :
_bOxford University Press,
_cc2005, 2015.
300 _axi, 218 p. ;
_c22 cm.
500 _aThis ed. originally published: 2005.
504 _aIncludes bibliographical references and index.
600 1 0 _aMoraes, Dom,
_d1938-2004
_xCriticism and interpretation.
600 1 0 _aNissim, Ezekiel
_xCriticism and interpretation.
600 1 0 _aRamanujan, A. K.,
_d1929-1993
_xCriticism and interpretation.
999 _c4749
_d4749